| 000 -LEADER |
| fixed length control field |
00487nam a2200169Ia 4500 |
| 001 - CONTROL NUMBER |
| control field |
7242 |
| 003 - CONTROL NUMBER IDENTIFIER |
| control field |
GE_BSU |
| 005 - DATE AND TIME OF LATEST TRANSACTION |
| control field |
20230830162049.0 |
| 008 - FIXED-LENGTH DATA ELEMENTS--GENERAL INFORMATION |
| fixed length control field |
181216s2012||||enk|||||||||||||| ||eng|| |
| 040 ## - CATALOGING SOURCE |
| Transcribing agency |
GE_BSU |
| 080 ## - UNIVERSAL DECIMAL CLASSIFICATION NUMBER |
| Universal Decimal Classification number |
340 C-95 |
| 245 ## - TITLE STATEMENT |
| Title |
Court Monitoring Report #1 : Period Covered : |
| Remainder of title |
October 2011 - February 2012. |
| 264 ## - PRODUCTION, PUBLICATION, DISTRIBUTION, MANUFACTURE, AND COPYRIGHT NOTICE |
| Place of production, publication, distribution, manufacture |
Tbilisi : |
| Name of producer, publisher, distributor, manufacturer |
TRANSPARENCY INTERNATIONAL GEORGIA, |
| Date of production, publication, distribution, manufacture, or copyright notice |
2012. |
| 300 ## - PHYSICAL DESCRIPTION |
| Extent |
64 pages ; |
| Dimensions |
25 cm. |
| 653 ## - INDEX TERM--UNCONTROLLED |
| keyword |
Court Monitoring Report #1 |
| 942 ## - ADDED ENTRY ELEMENTS (KOHA) |
| Koha item type |
წიგნი |
| Source of classification or shelving scheme |
|